Day6 Alphabet song - Statistics

General Stats
  • This quiz has been taken 41 times
  • The average score is 14 of 21
Answer Stats
Hint Answer % Correct
S Stop / Shoot me / Somehow / Still / Say wow / So cool / So let's love / Sing me / Stop the rain / Say hello / Sweet chaos / Stop talking / Sad ending / She smiled / Shxtty game / Still there
100%
I I like you / I'll remember / I loved you / I need somebody / I'll try / I smile / I wait / I would / I'm serious / I just / If: Mata Aetara / I'm fine
96%
C Cover / Congratulations / Colors / Chocolate / Counter
93%
H Hi hello / How can I say / Hurt road / Headache / How to love / Healer / Hunt / Habits / Happy / Help me rock&roll
89%
W Warning! / What can I do / Whatever! / When you love someone / Wanna go back / Wish / Welcome to the show
89%
Y You were beautiful / You make me
89%
Z Zombie
89%
B Better better / Be lazy / Beautiful feeling / Best part / Blood / Breaking down / Baby it's okey
85%
M Man in a movie / My day / Marathon / Monster / Melt down
85%
D Day and Night / Dance Dance / Days gone by / Deep in love / Didn't know
81%
L Love me or leave me / Lean on me / Letting go / Like that sun / Live your life / Like a flowing wind / Let me love you / Loveholic
74%
T Tick tock / Talking to / Time of our life / The power of love
74%
A Afraid / All Alone / Above the clouds / About now
70%
F Feeling good / For me / First time / Freely / Falling / Finale
70%
N nobody knows / Not fine / Not mine
59%
E Everyday we fight / Everybody rock! / Emergency
48%
O Only / One / Out of my mind / Ouch
33%
R Rescue me
33%
G Goodbye winter / Get the hell out
19%
P Pouring
19%
K Kiminara
4%
No matching quizzes found
Score Distribution
Percent of People with Each Score
Percentile by Number Answered
Your Score History
You have not taken this quiz